Mental retardation and intellectual disabilities : Teaching students using innovative and research-based strategies
Bewaard in:
| Formaat: | Boek |
|---|---|
| Taal: | Undetermined |
| Gepubliceerd in: |
Boston
Pearson Custom Publishing
2005
|
| Tags: |
Voeg label toe
Geen labels, Wees de eerste die dit record labelt!
|
| Thư viện lưu trữ: | Trung tâm Học liệu Trường Đại học Cần Thơ |
|---|
| LEADER | 00565nam a2200181Ia 4500 | ||
|---|---|---|---|
| 001 | CTU_117905 | ||
| 008 | 210402s9999 xx 000 0 und d | ||
| 020 | |c 28.22 | ||
| 082 | |a 362.3 | ||
| 082 | |b M549 | ||
| 245 | 0 | |a Mental retardation and intellectual disabilities : | |
| 245 | 0 | |b Teaching students using innovative and research-based strategies | |
| 245 | 0 | |c Edited by Michael L. Wehmeyer, Martin Agran | |
| 260 | |a Boston | ||
| 260 | |b Pearson Custom Publishing | ||
| 260 | |c 2005 | ||
| 904 | |i Truc | ||
| 980 | |a Trung tâm Học liệu Trường Đại học Cần Thơ | ||